| 000 | 02204njm a2200361Ia 4500 | ||
|---|---|---|---|
| 001 | 26612 | ||
| 003 | IT-RoPAU | ||
| 005 | 20220918181128.0 | ||
| 008 | 131025s9999 xx 000 0 und d | ||
| 040 | _aIT-RoPAU | ||
| 040 | _cIT-RoPAU | ||
| 041 | _aINGLESE | ||
| 999 |
_c100370 _d100370 |
||
| 999 | _bn.d. | ||
| 100 |
_aAA.VV. _9794 |
||
| 100 |
_eAutore musica _915888 |
||
| 100 |
_gCodice autore musica SPICS: 12000 _9796 |
||
| 245 | _aMerry Christmas From | ||
| 250 | _a2a ed. | ||
| 260 | _aROMA | ||
| 260 |
_bSPICS RECORDS _c1985 [1a Ed.:1979] |
||
| 300 | _aMUSICASSETTA | ||
| 500 | _aMusica natalizia. Canzoni natalizie. Arrangiamento | ||
| 505 | _a* Silent Night (Ella Fitzgerald) - Adeste Fideles (Nat King Cole) - Let It Snow! Let It Snow! Let It Snow! (Dean Martin) - Have Yourself A Merry Little Christmas (Jackie Gleason) - I Like A Sleighride (Peggy Lee) - I'll Be Home For Christmas (The Beach Boys) - Christmas Dinner Country Style (Bing Crosby) - O Holy Night (Nat King Cole) - Littke Drummer Boy (Jo Stafford) - White Christmas (Dean Martin) - O Little Town of Bethlehem (Ella Fitzgerald) - Do You Hear What I Hear? (Bing Crosby) - Santa Claus Is Comin'g To Town (The Beach Boys) - The First Noel (Ella Fitzgerald) - The Christmas Waltz (Peggy Lee) | ||
| 650 |
_aARRANGIAMENTO [CASSETTE] _eCodice MATERIA SPICS: 9951 _915889 |
||
| 700 |
_aCole Nat King _dCodice autore musica SPICS: 16161 _eAutore musica _pO Holy Night - Adeste fideles _915890 |
||
| 700 |
_aMartin Dean _dCodice autore musica SPICS: 28543 _eAutore musica _pWhite Christmas - Let It Snow! Let It Snow! Let It Snow _915891 |
||
| 700 |
_aFitzgerald Ella _dCodice autore musica SPICS: 10784 _eAutore musica _pO Little Town of Bethlehem - Silent Night _915892 |
||
| 700 |
_aJackie Gleason _dCodice autore musica SPICS: 34618 _eAutore musica _pHave Yourself A Merry Little Christmas _915893 |
||
| 700 |
_aLee Peggy _dCodice autore musica SPICS: 27554 _eAutore musica _pI Like A Sleighride _915894 |
||
| 700 |
_aThe Beach Boys _dCodice autore musica SPICS: 34619 _eAutore musica _pI'll Be Home For Christmas _915895 |
||
| 700 |
_aCrosby Bing _dCodice autore musica SPICS: 16409 _eAutore musica _pChristmas Dinner Country Style _915896 |
||
| 942 |
_cMC _2ddc |
||